Biblioteca

Manual del buen comportamiento : Una guía del comportamiento frente a todos los aspectos de la vida / Juan Francisco Gallo (Registro nro. 43164)

Detalles MARC
000 -LÍDER
Campo fijo de descripción fija 008360000a22001930004500
020 ## - NÚMERO INTERNACIONAL NORMALIZADO PARA LIBROS
Número Internacional Normalizado del libro 958-601-085-6
041 0# - CÓDIGO DE IDIOMA
Código de idioma para texto/pista de sonido o título separado
082 04 - NÚMERO DE CLASIFICACIÓN DECIMAL DEWEY
Número de clasificación G 158.2 G172m
001 - NÚMERO DE CONTROL
Campo de control 14271
100 1# - ASIENTO PRINCIPAL--NOMBRE PERSONAL
Nombre personal Gallo, Juan Francisco
245 10 - TÍTULO
Título del Material Manual del buen comportamiento : Una guía del comportamiento frente a todos los aspectos de la vida / Juan Francisco Gallo
260 ## - PUBLICACIÓN, DISTRIBUCIÓN, ETC. (PIE DE IMPRENTA)
Lugar de publicación, distribución, etc. Bogotá : Tercer Mundo
300 ## - DESCRIPCIÓN FÍSICA
Extensión 106 Pág.
336 ## - CONTENT TYPE
Content type term texto
Content type code txt
Source rdacontent
337 ## - MEDIA TYPE
Source rdamedia
Media type term sin mediación
Media type code n
338 ## - CARRIER TYPE
Source rdacarrier
Carrier type term volumen
Carrier type code nc
505 00 - NOTA DE CONTENIDO
Nota de contenido con formato preestablecido breve definición del comportamiento -- el comportamiento frente al amor -- el comportamiento en el hogar -- el comportamiento en la educación académica -- el buen comportamiento en el trabajo -- el comportamiento frente a la vida social -- reglas básicas de relaciones humanas
942 ## - TIPO DE MATERIAL (KOHA)
Tipo de Item KOHA Libros General
Existencias
Estado de Material Estado de Perdido Estado de Dañado No para Préstamo Colección Tomo Biblioteca de Origen Biblioteca Permanente Fecha de Adquisición Total de Préstamos Signatura Topográfica Código de Barras Última vez visto Ejemplar/Existencia Fecha de Remplazo Tipo de Material
        Colección General   Biblioteca FUSBC Biblioteca FUSBC 25/04/2007   G 158.2 G172m 11844 12/12/2019 1 26/01/2016 Libros General

Biblioteca FUSBC | Teléfono: (57+4) 349 88 10 Ext. 141| WhatsApp (+57) 3005338115 
E-mail: biblioteca@unisbc.edu.co | Calle 76 87-14 Robledo Palenque, Medellín, Colombia

Con tecnología Koha